Die Religion in Geschichte und Gegenwart : handbuch fur Theologie und Religionswissenschaft
Αποθηκεύτηκε σε:
| Άλλοι συγγραφείς: | , |
|---|---|
| Μορφή: | Βιβλίο |
| Γλώσσα: | German |
| Δημοσίευση: |
Tubingen :
J.C.B. Mohr (Paul Siebeck),
1957-1965
|
| Έκδοση: | 3. Aufl. |
| Θέματα: | |
| Ετικέτες: |
Προσθήκη ετικέτας
Δεν υπάρχουν, Καταχωρήστε ετικέτα πρώτοι!
|
MARC
| LEADER | 00000cam a2200000 i 4500 | ||
|---|---|---|---|
| 001 | 1/32461 | ||
| 008 | 060719m19571965 ger d | ||
| 035 | |l 10084684 | ||
| 040 | |a GR-MY-UA |b gre |e aacr | ||
| 041 | 0 | |a ger | |
| 082 | 0 | |a 230.09 |2 (22) | |
| 245 | 1 | 4 | |a Die Religion in Geschichte und Gegenwart : |b handbuch fur Theologie und Religionswissenschaft / |c herausgegeben von Kurt Galling ; in Gemeinschaft mit Hans Frhr. v. Campenhausen...[et al.] |
| 250 | |a 3. Aufl. | ||
| 260 | |a Tubingen : |b J.C.B. Mohr (Paul Siebeck), |c 1957-1965 | ||
| 300 | |a 7 τ.; |c 27 εκ. | ||
| 500 | |a "Dritte, vollig neu bearbeitete Auflage in Gemeinschaft" | ||
| 504 | |a Περιλαμβάνει βιβλιογραφικές αναφορές | ||
| 505 | 0 | |a Τ.1. A-C. - τ.2. D-G. - Τ.3. H-Kon. - τ.4. Kop-O. - τ.5. P-Se. - τ.6. Sh-z. - τ.7. Registerband | |
| 650 | 0 | 0 | |a Religion |x Dictionaries. |
| 650 | 0 | 0 | |a Theology |x Dictionaries. |
| 650 | 0 | 0 | |a Theology |x History. |
| 700 | 1 | |a Galling, Kurt, |d 1900-1987. |4 edt | |
| 700 | 1 | |a Campenhausen, Hans von, |d 1903-1989. |4 com | |
| 852 | |a INST |b RHODES |c KRI |e 20060719 |h 230.09 REL |p 005400024731 |q 005400024731 |t REF |v τ.7: |y 23 |z τ.7 | ||
| 852 | |a INST |b RHODES |c KRI |e 20060719 |h 230.09 REL |p 005400024734 |q 005400024734 |t REF |v τ.6: |y 23 |z τ.6 | ||
| 852 | |a INST |b RHODES |c KRI |e 20060719 |h 230.09 REL |p 005400024735 |q 005400024735 |t REF |v τ.5: |y 23 |z τ.5 | ||
| 852 | |a INST |b RHODES |c KRI |e 20060719 |h 230.09 REL |p 005400024736 |q 005400024736 |t REF |v τ.4: |y 23 |z τ.4 | ||
| 852 | |a INST |b RHODES |c KRI |e 20060719 |h 230.09 REL |p 005400024737 |q 005400024737 |t REF |v τ.3: |y 23 |z τ.3 | ||
| 852 | |a INST |b RHODES |c KRI |e 20060719 |h 230.09 REL |p 005400024738 |q 005400024738 |t REF |v τ.1: |y 23 |z τ.1 | ||
| 852 | |a INST |b RHODES |c KRI |e 20060719 |h 230.09 REL |p 005400024740 |q 005400024740 |t REF |v τ.2: |y 23 |z τ.2 | ||
| 853 | |a INST |b RHODES |c KRI |h 230.09 REL | ||
| 901 | |a BIBL4-2006-2 | ||
| 909 | |a Ρ |b 126600 | ||
| 909 | |a Ρ |b 126601 | ||
| 909 | |a Ρ |b 126602 | ||
| 909 | |a Ρ |b 126603 | ||
| 909 | |a Ρ |b 126604 | ||
| 909 | |a Ρ |b 126605 | ||
| 909 | |a Ρ |b 126606 | ||
| 970 | |a ΚΟΖΑ |b ΜΑΡΙΑ |z 2006/07/19 | ||